Inmunología de Rojas / (Registro nro. 30709)

Detalles MARC
000 -LEADER
fixed length control field 04075nam a2200361Ia 4500
003 - CONTROL NUMBER IDENTIFIER
control field CO-CtgCURN
005 - DATE AND TIME OF LATEST TRANSACTION
control field 20251127162659.0
008 - FIXED-LENGTH DATA ELEMENTS--GENERAL INFORMATION
fixed length control field 200306s2017 xx f 000 0 spa d
020 ## - INTERNATIONAL STANDARD BOOK NUMBER
International Standard Book Number 9789588843612
040 ## - CATALOGING SOURCE
Original cataloging agency CO-CtgCURN
Language of cataloging spa
Transcribing agency coctgcurn
082 ## - DEWEY DECIMAL CLASSIFICATION NUMBER
Classification number 616.079
Item number I57
245 #0 - TITLE STATEMENT
Title Inmunología de Rojas /
Statement of responsibility, etc. editores., William Rojas M. [y otros cinco, etc...]
250 ## - EDITION STATEMENT
Edition statement 18 edición
260 ## - PUBLICATION, DISTRIBUTION, ETC.
Place of publication, distribution, etc. Medellín, Antioquia :
Name of publisher, distributor, etc. Corporación para Investigaciones Biológicas,
Date of publication, distribution, etc. 2017
300 ## - PHYSICAL DESCRIPTION
Extent 622 páginas :
Other physical details imágenes, ilustraciones, tablas ;
Dimensions 22 centímetros
500 ## - GENERAL NOTE
General note Incluye índice
504 ## - BIBLIOGRAPHY, ETC. NOTE
Bibliography, etc. note Incluye referencias bibliográficas
505 ## - FORMATTED CONTENTS NOTE
Formatted contents note 1. Inmunología básica -- Generalidades y definiciones -- 2. Inmunidad innata -- Elementos constitutivos, barrera naturales, celulas, moleculas y sistemas enzimáticos -- MAcrofagos, monocitos, celulas dendríticas, membrana celular -- Granulocitos, mastocitos, plaqueta, fibroblastos -- Células linfoides de la inmunidad innata -- Por que, a donde y cómo circulan los leucocitos -- Sistema del complemento -- Fagocitosis -- Inflamación -- 3. Inmunidad adquirida -- Inmunógenos y antígenos - características, procesamiento y presentacion -- Organos linfoides y ontogenia de los linfocitos -- Linfocitos T e inmunidad celular -- Linfocitos B e inmunidad humoral -- Inmunidad organoespecifica -- Nutrición y respuesta inmune -- Inmunología de la reproducción -- Citoquinas -- Tolerancia - Regulación de la respuesta inmune - Memoria inmunológica -- Por qué, cuándo y cómo mueren las celulas -- Genetica y epigenetica de la respuesta inmune -- Evaluación del estado inmunológico -- 4. Inmunología clínica -- Defensa contra infecciones -- Hospedero, patógeno y medio ambiente en el desarrollo de enfermedades infecciosas -- Defensa inmune contra infecciones por bacterianas -- Respuesta inmune en tuberculosis -- Respuesta inmune contra las infecciones virales -- Respuesta inmune contra infecciones por parásitos -- Respuesta inmune en malaria -- Respuesta inmune en las infecciones por hongos -- Candidiasis -- Sepsis - trauma - estrés -- Cáncer y respuesta inmune -- Enfermedades proliferativas de las células del sistema inmune -- 5. Inmunodeficiencias -- Inmunodeficiencias primarias -- Inmunología de la infección por el virus de la inmunodeficiencia humana - HIV -- Inmunodeficiencia secundarias -- 6. Alergias -- Mecanismos básicos de las alergias -- Anafilaxia -- Asma y rinitis alérgica -- Urticaria -- Dermatitis atópica -- Alergia alimentaria -- 7. Enfermedades autoinmunes -- Autoinmunidad - el sistema inmune ataca "lo propio" -- Artritis reumatoide -- Otras artritis autoinmunes - autoinflamatorias -- Lupus eritematoso sistémico -- Síndrome de sjogren -- Esclerodermia - síndrome antifosfolipídico -- Afecciones autoinmune del sistema nerviosos y aspectos inmunológicos de las infecciones -- Afecciones autoinmunes de la piel -- Enfermedades autoinmunes del árbol respiratorio y otras afecciones inmunológicas -- Enfermedades autoinmune del tracto del hígado -- Enfermedades autoinmunes cardiovasculares -- Enfermedades autoinmunes de riñón -- Enfermedades autoinmune de los músculos -- Enfermedades autoinmune hematológicas -- Enfermedades autoinmune de los ojos -- 8. Modulación de la respuesta inmune -- Inmunomodulación - trasplantes -- Inmunización.
521 ## - TARGET AUDIENCE NOTE
Target audience note AREA PROFESIONAL
590 ## - LOCAL NOTE (RLIN)
Local note Programa de Enfermería_27
650 ## - SUBJECT ADDED ENTRY--TOPICAL TERM
Topical term or geographic name entry element Inmunología
9 (RLIN) 3427
650 ## - SUBJECT ADDED ENTRY--TOPICAL TERM
Topical term or geographic name entry element Sistema inmunológico
9 (RLIN) 3428
700 ## - ADDED ENTRY--PERSONAL NAME
Personal name Rojas M., William
Relator term editor
9 (RLIN) 3429
700 ## - ADDED ENTRY--PERSONAL NAME
Personal name Anaya C., Juan Manuel
Relator term editor
700 ## - ADDED ENTRY--PERSONAL NAME
Personal name Aristizábal B., Beatriz H.
Relator term editor
9 (RLIN) 3430
700 ## - ADDED ENTRY--PERSONAL NAME
Personal name Cano R., Luz Elena
Relator term editor
9 (RLIN) 3431
700 ## - ADDED ENTRY--PERSONAL NAME
Personal name Gómez O., Luis Miguel
Relator term editor
700 ## - ADDED ENTRY--PERSONAL NAME
Personal name Lopera H., Damaris
Relator term editor
9 (RLIN) 3432
942 ## - ADDED ENTRY ELEMENTS (KOHA)
Koha item type Libros
Classification part 616079
Item part I57
Source of classification or shelving scheme Dewey Decimal Classification
Existencias
Withdrawn status Lost status Source of classification or shelving scheme Damaged status Not for loan Collection Home library Current library Shelving location Date acquired Source of acquisition Inventory number Total checkouts Full call number Barcode Date last seen Copy number Price effective from Koha item type
    Dewey Decimal Classification     General Miguel Henríquez Castañeda Barranquilla Miguel Henríquez Castañeda Barranquilla General 03/06/2020 Compra OC-12-002-19 04891   616.079 I57 04891 03/07/2020 ej.1 03/07/2020 Libros
    Dewey Decimal Classification     General Miguel Henríquez Castañeda Barranquilla Miguel Henríquez Castañeda Barranquilla General 03/06/2020 Compra OC-12-002-19 04892   616.079 I57 04892 03/07/2020 ej.2 03/07/2020 Libros
    Dewey Decimal Classification     General Miguel Henríquez Castañeda Barranquilla Miguel Henríquez Castañeda Barranquilla General 03/06/2020 Compra OC-12-002-19 04893   616.079 I57 04893 03/07/2020 ej.3 03/07/2020 Libros